000 00949cab a2200181 4500
001 ##L132010
008 051221n2005 000 0 eng u
035 _a(Sirsi) u132010
041 0 _aeng
100 1 _aAlexander, David
245 0 4 _aThe environmental importance of front gardens
_bcan planning help?
260 _c2005
490 0 _aTown & Country Planning
_v74(12) December 2005, 364-366(3)
520 _aLooks at the environmental importance of front gardens. Examines both the significance of their increasing loss to hard surfacing and the multiple-use approach that is being put forward to alleviate the problems caused by current trends. Suggests from a planning perspective three courses of action required from central government and local authorities. Table covers front gardens that are more than three-quarters paved. Notes
650 2 4 _aPLANNING POLICY STATEMENT NINE
690 _aPlanning and development
_96259
942 _n0
999 _c76304
_d76304